| 000 | 00702nam a2200265Ia 4500 | ||
|---|---|---|---|
| 001 | 54148 | ||
| 005 | 20240114005412.0 | ||
| 007 | ta | ||
| 008 | 110519s1994 g b000 u 903 u | ||
| 020 | _a0-385-47044-4 | ||
| 040 | _aCotton College,Assam | ||
| 041 | _a903 | ||
| 082 |
_a109 _bCo 791 Hi |
||
| 100 | _aCopleston , Frederick . | ||
| 245 | 0 |
_aA History of Philosophy Vol-VII / _cFrederick Copleston. _hTextual Documents |
|
| 250 | _aIst ed. / | ||
| 260 |
_aNew York : _bDoubleday , _c1994. |
||
| 300 |
_a496pg ; _c13cm. |
||
| 653 | _aPhilosophy- History | ||
| 653 | _aPhilosophy | ||
| 653 | _aG- Philosophy | ||
| 942 |
_2ddc _cBK |
||
| 999 |
_c54111 _d54111 |
||